KOLEKSI SELANGKAH KE ALAM MISTERI / (Record no. 201812)

MARC details
000 -LEADER
fixed length control field 00912nam a2200253 i 4500
005 - DATE AND TIME OF LATEST TRANSACTION
control field 20251130113006.0
008 - FIXED-LENGTH DATA ELEMENTS--GENERAL INFORMATION
fixed length control field 251126s2025 my a gr6 000 h may d
020 ## - INTERNATIONAL STANDARD BOOK NUMBER
International Standard Book Number 9789830501789
Terms of availability RM35.00
Qualifying information paperback
040 ## - CATALOGING SOURCE
Original cataloging agency PPAK
Language of cataloging eng
Transcribing agency PPAK
Description conventions rda
082 04 - DEWEY DECIMAL CLASSIFICATION NUMBER
Edition number 23
Classification number 741.59595
090 00 - LOCALLY ASSIGNED LC-TYPE CALL NUMBER (OCLC); LOCAL CALL NUMBER (RLIN)
Classification number (OCLC) (R) ; Classification number, CALL (RLIN) (NR) 741.59595
Feature heading BAW
Feature heading G
100 0# - MAIN ENTRY--PERSONAL NAME
Personal name Bawang,
Relator term author
-- illustrator.
245 10 - TITLE STATEMENT
Title KOLEKSI SELANGKAH KE ALAM MISTERI /
Statement of responsibility, etc. KARYA BAWANG ; Editor: LAMBOK ; Ilustrasi Kulit Depan: AIE / BAWANG
264 #1 - PRODUCTION, PUBLICATION, DISTRIBUTION, MANUFACTURE, AND COPYRIGHT NOTICE
Place of production, publication, distribution, manufacture Subang Jaya, Selangor :
Name of producer, publisher, distributor, manufacturer MOY PUBLICATIONS SDN. BHD.,
Date of production, publication, distribution, manufacture, or copyright notice 2025
300 ## - PHYSICAL DESCRIPTION
Extent 172 pages :
Other physical details illustrations ;
Dimensions 26 cm
336 ## - CONTENT TYPE
Content type term text
Source rdacontent
337 ## - MEDIA TYPE
Media type term unmediated
Source rdamedia
338 ## - CARRIER TYPE
Carrier type term volume
Source rdacarrier
650 10 - SUBJECT ADDED ENTRY--TOPICAL TERM
Topical term or geographic name entry element Comic books, strips, etc.
Geographic subdivision Malaysia
Topical term or geographic name entry element Comic books and teenagers
700 0# - ADDED ENTRY--PERSONAL NAME
Personal name Lambok,
Relator term editor.
Personal name Aie,
Relator term illustrator.
942 ## - ADDED ENTRY ELEMENTS (KOHA)
Source of classification or shelving scheme Dewey Decimal Classification
Koha item type Book
Holdings
Withdrawn Not for loan Current library Shelving location Date acquired Total Checkouts Total Renewals Full call number Barcode Checked out Date last seen Date last checked out Koha item type
    Perpustakaan Alor Setar Pinjaman Dewasa 03/12/2025 4 2 741.59595 BAW A01890642 15/07/2026 24/06/2026 24/06/2026 Book
    Perpustakaan Awam Sungai Petani Pinjaman Dewasa 03/12/2025 1   741.59595 BAW A01890643   30/05/2026 02/05/2026 Book
    Perpustakaan Jitra Pinjaman Dewasa 03/12/2025     741.59595 BAW A01890656   03/12/2025   Book
    Perpustakaan Langkawi Pinjaman Dewasa 03/12/2025     741.59595 BAW A01890657   03/12/2025   Book